Rust busters (Record no. 76518)

MARC details
000 -LEADER
fixed length control field 00916cab a2200181 4500
001 - CONTROL NUMBER
control field ##L132597
008 - FIXED-LENGTH DATA ELEMENTS--GENERAL INFORMATION
fixed length control field 060221n2006 000 0 eng u
035 ## - SYSTEM CONTROL NUMBER
System control number (Sirsi) u132597
041 0# - LANGUAGE CODE
Language code of text/sound track or separate title eng
100 1# - MAIN ENTRY--PERSONAL NAME
Personal name McCormick, Helen
245 00 - TITLE STATEMENT
Title Rust busters
260 ## - PUBLICATION, DISTRIBUTION, ETC.
Date of publication, distribution, etc. 2006
490 #0 - SERIES STATEMENT
Series statement Contract Journal
Volume/sequential designation 432(6562) 15 February 2006, 28-29(2)
520 ## - SUMMARY, ETC.
Summary, etc. Reports on the use of Cathodic Protection (CP) to reverse rusting in steel-framed buildings. The technique involves the installation of artificial anodes which effectively turns the steel into a cathode and renders it immune from further corrosion. CP is both less expensive and intrusive than other methods, and a series of seminars is being held at the RICS to raise awareness of the technique among surveyors who manage buildings.
590 ## - LOCAL NOTE (RLIN)
Local note IKA280206
690 ## - LOCAL SUBJECT ADDED ENTRY--TOPICAL TERM (OCLC, RLIN)
Topical term or geographic name as entry element BUILT ENVIRONMENT-BUILDING PATHOLOGY-DAMP AND WATER INGRESS-CORROSION
942 ## - ADDED ENTRY ELEMENTS (KOHA)
Suppress in OPAC 0
Holdings
Withdrawn status Lost status Source of classification or shelving scheme Damaged status Not for loan Home library Current library Shelving location Date acquired Total Checkouts Full call number Barcode Date last seen Copy number Price effective from Koha item type
    Dewey Decimal Classification     London London Journal article 21/02/2006   L132597 132597-1001 06/08/2019 1 06/08/2019 Journal article